| 000 | 00620nam a22001457a 4500 | ||
|---|---|---|---|
| 020 | _a978-0-552-16123-7 | ||
| 082 |
_a823 _bBRO/L |
||
| 100 | _aBROWN, DAN | ||
| 245 | _aTHE LOST SYMBOL | ||
| 260 |
_aBRITAIN _bTRANSWAORLD PUBLISHERS _c2010 |
||
| 300 | _a670 | ||
| 520 | _aAs the story opens, Harvard symbologist Robert Langdon is summoned unexpectedly to deliver an evening lecture in the U.S. Capitol Building. Within minutes of his arrival, however, the night takes a bizarre turn. A disturbing object–artfully encoded with five symbols–is discovered in the Capitol Building. | ||
| 650 | _aSHORT STORY | ||
| 942 | _cBK | ||
| 999 |
_c6777 _d6777 |
||